Normal view
MARC view
Entry Corporate Name
001 - CONTROL NUMBER
- control field: 960420
003 - CONTROL NUMBER IDENTIFIER
- control field:
005 - DATE AND TIME OF LATEST TRANSACTION
- control field: 20210627110943.0
008 - FIXED-LENGTH DATA ELEMENTS
- fixed length control field: 210627|| aca||aabn | a|a d
040 ## - CATALOGING SOURCE
- Original cataloging agency:
- Transcribing agency:
110 ## - HEADING--CORPORATE NAME
- Corporate name or jurisdiction name as entry element: Mysore(India)
- Subordinate unit: Law Department
670 ## - SOURCE DATA FOUND
- Source citation: Work cat.: ()843853: Mysore(India) Law Department, Report on the administration of civil justice in Mysore state for, 1963
